000 00502nam a2200181Ia 4500
005 20250508150253.0
008 008 250505s9999 xx 000 0 eng d
037 _aTextual
040 _aFEDL
_beng
_cFEDL
041 _aeng
_2eng
084 _a204, YEA
_qFEDL
100 _aYeaxlee Basil A.
_9756286
245 0 _aReligion and the growing mind
260 _aLondon, UK
_bNisbet and Company Limited
_c1939
300 _ax,224p.
942 _cTEXL
_h204, YEA
999 _c1322753
_d1322753